[Event "7. Open Galapagar 2006"]
[Site "Galapagar ESP"]
[Date "2006.07.24"]
[Round "3.1"]
[White "Criado De Diego, Pedro"]
[Black "Barria Zuñiga, Daniel"]
[Result "0-1"]
[WhiteElo "2123"]
[BlackElo "2420"]
[PlyCount "92"]
[EventDate "2006.07.22"]
[EventType "swiss"]
[EventRounds "9"]
[EventCountry "ESP"]
[Source "lmi"]
[SourceDate "2006.07.30"]

1. d4 Nf6 2. c4 e6 3. g3 c5 4. Nf3 cxd4 5. Nxd4 a6 6. Bg2 Qc7 7. Nd2 Nc6 8.
N4f3 Be7 9. O-O O-O 10. a3 b5 11. b4 Bb7 12. cxb5 axb5 13. Bb2 Qb6 14. e4 d6
15. Qe2 Rab8 16. Rfd1 Ng4 17. h3 Nge5 18. Nxe5 Nxe5 19. Kh2 Bf6 20. Rab1 Rfc8
21. f4 Nd7 22. Nb3 Bxb2 23. Rxb2 Nf6 24. Nd4 Ba8 25. Rbd2 Qa6 26. Qe3 g6 27. g4
Qa7 28. g5 Nh5 29. Qf3 Qe7 30. Qg4 Rd8 31. f5 exf5 32. exf5 Qe5+ 33. Kg1 Qe3+
34. Kh2 Qe5+ 35. Kg1 Qe3+ 36. Kh2 Qxa3 37. Bxa8 Qxa8 38. f6 h6 39. h4 hxg5 40.
hxg5 Re8 41. Re2 Rxe2+ 42. Nxe2 Re8 43. Rd4 Re5 44. Kg1 Qa1+ 45. Kh2 Qf1 46.
Re4 Rf5 0-1

[Event "7. Open Galapagar 2006"]
[Site "Galapagar ESP"]
[Date "2006.07.24"]
[Round "3.2"]
[White "Lopez de Turiso, Jose Angel"]
[Black "Garcia Fernandez, Carlos"]
[Result "0-1"]
[WhiteElo "2116"]
[BlackElo "2358"]
[PlyCount "68"]
[EventDate "2006.07.22"]
[EventType "swiss"]
[EventRounds "9"]
[EventCountry "ESP"]
[Source "lmi"]
[SourceDate "2006.07.30"]

1. d4 d6 2. c4 e5 3. Nf3 e4 4. Ng5 f5 5. Nc3 c6 6. h4 h6 7. Nh3 Qxh4 8. e3 g6
9. Be2 Na6 10. Rb1 Nc7 11. b4 Ne7 12. d5 Bg7 13. Bb2 Be5 14. Qb3 Qf6 15. Nf4
cxd5 16. cxd5 Bd7 17. b5 Rc8 18. a4 Kf7 19. g3 Na8 20. Kd2 Rc5 21. Rhc1 Rhc8
22. Rc2 Nb6 23. Rbc1 Kg7 24. Ba3 Rxc3 25. Rxc3 Rxc3 26. Rxc3 Bxc3+ 27. Qxc3
Qxc3+ 28. Kxc3 Nxa4+ 29. Kd4 Nc8 30. Bb4 Nab6 31. Ng2 Na8 32. Ba5 b6 33. Bc3
Nc7 34. Kc4+ Kf7 0-1

[Event "7. Open Galapagar 2006"]
[Site "Galapagar ESP"]
[Date "2006.07.24"]
[Round "3.3"]
[White "Fayos Mestre, Jose Maria"]
[Black "Solaesa Navalpotro, Luis Julio"]
[Result "0-1"]
[WhiteElo "2089"]
[BlackElo "2334"]
[PlyCount "37"]
[EventDate "2006.07.22"]
[EventType "swiss"]
[EventRounds "9"]
[EventCountry "ESP"]
[Source "lmi"]
[SourceDate "2006.07.30"]

1. d4 Nf6 2. c4 c5 3. d5 b5 4. Bg5 bxc4 5. Nc3 d6 6. e4 Nbd7 7. Bxc4 g6 8. f4
Qa5 9. Qe2 h6 10. Bh4 Nh5 11. Nh3 Nxf4 12. Nxf4 g5 13. Bg3 gxf4 14. Bxf4 Bg7
15. Bd2 Rb8 16. Nb5 Qb6 17. Rb1 Ne5 18. b3 Nxc4 19. Qxc4 0-1

[Event "7. Open Galapagar 2006"]
[Site "Galapagar ESP"]
[Date "2006.07.24"]
[Round "3.4"]
[White "Aguirre, Simon"]
[Black "Ruiz de Alegria, Carlos"]
[Result "1-0"]
[WhiteElo "2250"]
[BlackElo "2001"]
[PlyCount "125"]
[EventDate "2006.07.22"]
[EventType "swiss"]
[EventRounds "9"]
[EventCountry "ESP"]
[Source "lmi"]
[SourceDate "2006.07.30"]

1. d4 d5 2. c4 e6 3. Nc3 Nf6 4. cxd5 exd5 5. Bg5 Be7 6. e3 O-O 7. Qc2 c6 8. Bd3
Nbd7 9. Nf3 Re8 10. h3 h6 11. Bf4 Nf8 12. O-O-O Qa5 13. Kb1 Be6 14. Nd2 b5 15.
f3 Qb6 16. Nb3 a5 17. Ne2 a4 18. Nc5 N6d7 19. Rc1 Rec8 20. g4 b4 21. Nxa4 Qa5
22. b3 c5 23. dxc5 Nxc5 24. Nxc5 Bxc5 25. Qb2 Qb6 26. Be5 f6 27. Bd4 Nd7 28.
Nf4 Bf7 29. Bf5 Bxd4 30. Qxd4 Rxc1+ 31. Rxc1 Qa6 32. Qd2 Ne5 33. Qe2 Qxe2 34.
Nxe2 Nxf3 35. Nd4 Nh4 36. Rc8+ Rxc8 37. Bxc8 Ng2 38. Nc2 Bg6 39. Bf5 Bxf5 40.
gxf5 Kf7 41. Kc1 Ke7 42. Kd2 Nh4 43. Nxb4 Kd6 44. a4 Nxf5 45. Nd3 d4 46. e4 Ne3
47. Nb2 Kc5 48. Nd3+ Kb6 49. Nf4 Kc5 50. Ne6+ Kb4 51. Nxd4 Ng2 52. Nf5 Nf4 53.
Nxg7 Nxh3 54. Nh5 Ng5 55. Nxf6 Kxb3 56. a5 Ne6 57. a6 Nc7 58. a7 Kc4 59. e5 Kc5
60. e6 Kc6 61. Nd5 Na8 62. e7 Kd7 63. Ke3 1-0

[Event "7. Open Galapagar 2006"]
[Site "Galapagar ESP"]
[Date "2006.07.24"]
[Round "3.5"]
[White "Pau Plana, Albert"]
[Black "Arribas Lopez, Angel"]
[Result "0-1"]
[WhiteElo "2070"]
[BlackElo "2183"]
[PlyCount "87"]
[EventDate "2006.07.22"]
[EventType "swiss"]
[EventRounds "9"]
[EventCountry "ESP"]
[Source "lmi"]
[SourceDate "2006.07.30"]

1. d4 Nf6 2. Nf3 g6 3. Bf4 Bg7 4. e3 d6 5. Be2 Nbd7 6. h3 O-O 7. c4 c5 8. O-O
cxd4 9. exd4 b6 10. Nc3 Bb7 11. Re1 Rc8 12. b3 Nh5 13. Bd2 e5 14. d5 a6 15. Ne4
Nc5 16. Nxc5 bxc5 17. Rc1 a5 18. Nh2 Nf4 19. Bf1 f5 20. g3 Nh5 21. Bg2 Ra8 22.
Nf3 Bf6 23. Bh6 Rf7 24. g4 fxg4 25. hxg4 Nf4 26. Bxf4 exf4 27. Re6 Bc8 28. Qd2
Bg7 29. Rce1 Rf8 30. g5 Bxe6 31. dxe6 Qe7 32. Qd5 Ra6 33. Bh3 a4 34. Kg2 axb3
35. axb3 Rb6 36. Nd2 Bc3 37. Rb1 Bxd2 38. Qxd2 Qxg5+ 39. Kf3 Qh4 40. Kg2 f3+
41. Kh2 Rf5 42. Qa5 Qf4+ 43. Kh1 Rh5 44. Qa1 0-1

[Event "7. Open Galapagar 2006"]
[Site "Galapagar ESP"]
[Date "2006.07.24"]
[Round "3.6"]
[White "Sanchez Garcia, Manuel"]
[Black "Cruz Condori, Alfredo"]
[Result "1/2-1/2"]
[WhiteElo "2028"]
[BlackElo "2153"]
[PlyCount "73"]
[EventDate "2006.07.22"]
[EventType "swiss"]
[EventRounds "9"]
[EventCountry "ESP"]
[Source "lmi"]
[SourceDate "2006.07.30"]

1. d4 Nf6 2. Nf3 e6 3. Bf4 b6 4. e3 Bb7 5. Bd3 d5 6. O-O Nbd7 7. Nbd2 Be7 8.
Ne5 a6 9. c3 c5 10. Rc1 b5 11. Re1 Qb6 12. Nxd7 Nxd7 13. Qg4 Kf8 14. dxc5 Nxc5
15. Bc2 h5 16. Qe2 g5 17. Be5 f6 18. Bd4 Qc7 19. Bxc5 Bxc5 20. e4 g4 21. exd5
Bxd5 22. Be4 g3 23. hxg3 Qxg3 24. Bxd5 exd5 25. Qf3 Qxf3 26. Nxf3 Kf7 27. Rcd1
Rad8 28. g3 Rhg8 29. Kg2 Rg4 30. Rd3 a5 31. Rh1 a4 32. Rd2 b4 33. Rxh5 bxc3 34.
bxc3 Rc4 35. Rdxd5 Rxd5 36. Rxd5 Rxc3 37. Nd2 1/2-1/2

[Event "7. Open Galapagar 2006"]
[Site "Galapagar ESP"]
[Date "2006.07.24"]
[Round "3.7"]
[White "Julian Sierra, Rogelio"]
[Black "Valbuena Mota, Alejandro"]
[Result "1/2-1/2"]
[WhiteElo "1975"]
[BlackElo "2124"]
[PlyCount "75"]
[EventDate "2006.07.22"]
[EventType "swiss"]
[EventRounds "9"]
[EventCountry "ESP"]
[Source "lmi"]
[SourceDate "2006.07.30"]

1. c4 Nf6 2. Nc3 e6 3. g3 Be7 4. Bg2 c5 5. e4 Nc6 6. f4 d6 7. Nge2 a6 8. d4
cxd4 9. Nxd4 Bd7 10. Be3 Rc8 11. Qe2 Qc7 12. Nxc6 Bxc6 13. O-O O-O 14. Rac1 Qb8
15. g4 Nd7 16. g5 f5 17. exf5 Bxg2 18. Qxg2 Rxf5 19. Qe4 Nf8 20. Ne2 Rf7 21.
Nd4 Re8 22. f5 d5 23. cxd5 exf5 24. Qf3 g6 25. Bf4 Bd6 26. Ne6 Nxe6 27. dxe6
Rfe7 28. Rc2 Bxf4 29. Qxf4 Qxf4 30. Rxf4 Rxe6 31. Rc7 R8e7 32. Rc8+ Kg7 33. Rd4
Re1+ 34. Kg2 R1e2+ 35. Kf3 Rxb2 36. Rdd8 Rxa2 37. Rh8 Rxh2 38. Rcf8 1/2-1/2

[Event "7. Open Galapagar 2006"]
[Site "Galapagar ESP"]
[Date "2006.07.24"]
[Round "3.8"]
[White "Roa Alonso, Santiago"]
[Black "Camarero Izquierdo, Juan Carlos"]
[Result "1-0"]
[WhiteElo "2418"]
[BlackElo "1974"]
[PlyCount "79"]
[EventDate "2006.07.22"]
[EventType "swiss"]
[EventRounds "9"]
[EventCountry "ESP"]
[Source "lmi"]
[SourceDate "2006.07.30"]

1. g3 e5 2. Bg2 d5 3. d3 Nc6 4. Nf3 Be6 5. Ng5 Bc8 6. c4 Bb4+ 7. Nc3 d4 8.
Bxc6+ bxc6 9. Qa4 Rb8 10. a3 dxc3 11. axb4 cxb2 12. Bxb2 Qxg5 13. Qxc6+ Bd7 14.
Qxc7 Rc8 15. Qxe5+ Qxe5 16. Bxe5 f6 17. Bd4 Ne7 18. Bxa7 O-O 19. Bc5 Rfe8 20.
Bxe7 Rxe7 21. Kd2 Bg4 22. f3 Bh5 23. Ra5 Bg6 24. Rha1 Rce8 25. e4 Rb7 26. b5 f5
27. Ra8 fxe4 28. fxe4 Rbb8 29. Rxb8 Rxb8 30. Kc3 Kf7 31. Ra6 Rb7 32. e5 Ke7 33.
d4 Kd7 34. d5 Kc7 35. e6 Rb6 36. Rxb6 Kxb6 37. Kb4 Be4 38. c5+ Kc7 39. d6+ Kb7
40. c6+ 1-0

[Event "7. Open Galapagar 2006"]
[Site "Galapagar ESP"]
[Date "2006.07.24"]
[Round "3.9"]
[White "Bermejo Collado, Julian"]
[Black "Perez Pascual, Arturo"]
[Result "1-0"]
[WhiteElo "2342"]
[BlackElo "2029"]
[PlyCount "66"]
[EventDate "2006.07.22"]
[EventType "swiss"]
[EventRounds "9"]
[EventCountry "ESP"]
[Source "lmi"]
[SourceDate "2006.07.30"]

1. d4 d5 2. c4 c6 3. Nf3 Nf6 4. Qc2 e6 5. Nbd2 Nbd7 6. g3 Bd6 7. Bg2 O-O 8. O-O
e5 9. cxd5 cxd5 10. dxe5 Nxe5 11. Nxe5 Bxe5 12. Nf3 Qe7 13. Be3 Ne4 14. Rfd1
Bf6 15. Rxd5 Bg4 16. Nd4 Nd6 17. h3 Rac8 18. Qd3 Bd7 19. Qa3 Bc6 20. Qxd6 Bxd5
21. Qxe7 Bxe7 22. Bxd5 Rfd8 23. Bxb7 Rb8 24. Ba6 Rxb2 25. Nc6 Re8 26. Nxe7+
Rxe7 27. Rc1 Rb8 28. a4 g6 29. a5 Kg7 30. Bd4+ Kh6 31. h4 Rd7 32. e3 f5 33. Be2
Rb2 1-0

[Event "7. Open Galapagar 2006"]
[Site "Galapagar ESP"]
[Date "2006.07.24"]
[Round "3.10"]
[White "Fernandez Garcia, Miguel Angel"]
[Black "Castejon Caballero, Natalia"]
[Result "1-0"]
[WhiteElo "2317"]
[BlackElo "1995"]
[PlyCount "55"]
[EventDate "2006.07.22"]
[EventType "swiss"]
[EventRounds "9"]
[EventCountry "ESP"]
[Source "lmi"]
[SourceDate "2006.07.30"]

1. d4 d5 2. c4 c6 3. Nf3 Nf6 4. e3 Bf5 5. cxd5 cxd5 6. Nc3 a6 7. Qb3 b5 8. Bd2
Nc6 9. Ne5 Na5 10. Qd1 Rc8 11. Rc1 g6 12. g4 Be6 13. g5 Nd7 14. Nd3 Nc4 15. b3
Nxd2 16. Qxd2 h6 17. Nf4 b4 18. Ncxd5 Bxd5 19. Nxd5 e6 20. Nf6+ Nxf6 21. gxf6
Rxc1+ 22. Qxc1 Qa8 23. Bg2 Qb8 24. Qc6+ Kd8 25. O-O Bd6 26. Rc1 Bxh2+ 27. Kh1
Bc7 28. d5 1-0

[Event "7. Open Galapagar 2006"]
[Site "Galapagar ESP"]
[Date "2006.07.24"]
[Round "3.11"]
[White "Hernandez Fernandez, Enrique"]
[Black "Martin Rueda, Daniel"]
[Result "0-1"]
[WhiteElo "2029"]
[BlackElo "2293"]
[PlyCount "36"]
[EventDate "2006.07.22"]
[EventType "swiss"]
[EventRounds "9"]
[EventCountry "ESP"]
[Source "lmi"]
[SourceDate "2006.07.30"]

1. d4 d5 2. Nf3 Nf6 3. Bf4 c5 4. e3 Nc6 5. c3 Bg4 6. Be2 e6 7. h3 Bh5 8. g4 Bg6
9. Nbd2 Bd6 10. Ne5 Bxe5 11. dxe5 Nd7 12. Qb3 O-O 13. h4 Ncxe5 14. Qxb7 Bd3 15.
f3 c4 16. Bd1 Bg6 17. Bg3 Nc5 18. Qb5 a6 0-1

[Event "7. Open Galapagar 2006"]
[Site "Galapagar ESP"]
[Date "2006.07.24"]
[Round "3.12"]
[White "Perez Gonzalez, Jose Manuel"]
[Black "Cobelas Rodriguez, Pilar"]
[Result "1-0"]
[WhiteElo "2281"]
[BlackElo "1975"]
[PlyCount "97"]
[EventDate "2006.07.22"]
[EventType "swiss"]
[EventRounds "9"]
[EventCountry "ESP"]
[Source "lmi"]
[SourceDate "2006.07.30"]

1. e4 c6 2. d4 d5 3. e5 Bf5 4. Nc3 e6 5. g4 Bg6 6. Nge2 Bb4 7. h4 f6 8. Nf4 Bf7
9. Nd3 Ba5 10. h5 Nd7 11. Qe2 Qc7 12. Bf4 Qb6 13. Qe3 fxe5 14. Bxe5 Ngf6 15.
Bh3 Nxe5 16. Qxe5 O-O-O 17. O-O Qc7 18. b4 Bb6 19. Na4 Rhe8 20. Nxb6+ axb6 21.
a4 Bg8 22. a5 bxa5 23. Rxa5 Qxe5 24. dxe5 Ne4 25. Rfa1 Kc7 26. Bg2 Nc3 27. Bf1
Kb6 28. Nc5 Re7 29. Ra7 Rb8 30. R1a6+ Kc7 31. Ra3 Kb6 32. Nxb7 Rexb7 33. R7a6+
Kc7 34. Rxc3 Rb6 35. Rxb6 Kxb6 36. Ra3 Kb7 37. Kg2 h6 38. Bd3 Bf7 39. f4 Re8
40. Kf3 Re7 41. Ke3 Be8 42. Ra1 Kb6 43. Kd4 Rf7 44. f5 Bd7 45. Rf1 Rf8 46. fxe6
Rxf1 47. exd7 Rf4+ 48. Ke3 Rf8 49. e6 1-0

[Event "7. Open Galapagar 2006"]
[Site "Galapagar ESP"]
[Date "2006.07.24"]
[Round "3.13"]
[White "Corroto Jimenez, Jose Antonio"]
[Black "Ballesteros Gonzalez, David"]
[Result "1-0"]
[WhiteElo "2035"]
[BlackElo "2257"]
[PlyCount "91"]
[EventDate "2006.07.22"]
[EventType "swiss"]
[EventRounds "9"]
[EventCountry "ESP"]
[Source "lmi"]
[SourceDate "2006.07.30"]

1. e4 c5 2. Nf3 Nc6 3. c3 d6 4. Be2 Nf6 5. d4 cxd4 6. cxd4 Nxe4 7. d5 Qa5+ 8.
Nc3 Nxc3 9. bxc3 Nb8 10. O-O Nd7 11. Rb1 a6 12. Re1 g6 13. Qd4 f6 14. Nd2 Kf7
15. Nb3 Qc7 16. Bd2 Bg7 17. c4 b6 18. Qh4 Nc5 19. Nd4 Bd7 20. Bf1 Rae8 21. g3
f5 22. Bg2 Bf6 23. Bg5 h6 24. Bxf6 exf6 25. Rxe8 Bxe8 26. Nc6 Nd7 27. Qd4 Kg7
28. f4 Nc5 29. Re1 Bxc6 30. dxc6 Ne4 31. Bxe4 Re8 32. Kf2 fxe4 33. Rxe4 Rxe4
34. Qxe4 h5 35. h4 b5 36. cxb5 axb5 37. Kg2 Qf7 38. Kh3 d5 39. Qc2 Qe6+ 40. f5
gxf5 41. c7 Qc8 42. Kg2 d4 43. Qc6 f4 44. Qd6 d3 45. Kf2 d2 46. Ke2 1-0

[Event "7. Open Galapagar 2006"]
[Site "Galapagar ESP"]
[Date "2006.07.24"]
[Round "3.14"]
[White "Perez Cameselle, Francisco Jose"]
[Black "De La Fuente Gonzalez, Francisco"]
[Result "0-1"]
[WhiteElo "2026"]
[BlackElo "2217"]
[PlyCount "100"]
[EventDate "2006.07.22"]
[EventType "swiss"]
[EventRounds "9"]
[EventCountry "ESP"]
[Source "lmi"]
[SourceDate "2006.07.30"]

1. Nf3 g6 2. g3 Bg7 3. Bg2 c5 4. d3 Nc6 5. e4 Nf6 6. Nbd2 O-O 7. O-O d5 8. Re1
d4 9. a4 e5 10. Nc4 Ne8 11. Rf1 Nd6 12. Nxd6 Qxd6 13. Qe2 f5 14. exf5 gxf5 15.
Nh4 f4 16. Be4 Ne7 17. Qh5 Qh6 18. Qxh6 Bxh6 19. Bd2 Bh3 20. Rfd1 Bg4 21. f3
Be6 22. c3 Nd5 23. cxd4 exd4 24. Rdc1 Rac8 25. Ng2 b6 26. Bxf4 Nxf4 27. Nxf4
Bxf4 28. gxf4 Rxf4 29. Kf2 Rcf8 30. Rg1+ Kh8 31. Ke2 Rh4 32. Rg2 a5 33. Bc6 Rg8
34. Rxg8+ Kxg8 35. Rg1+ Kf7 36. Rg2 Kf6 37. Kf2 Ke5 38. Kg3 Rh3+ 39. Kf2 Kd6
40. Bb5 Bd5 41. Kg1 Rxf3 42. Rg7 Rf7 43. Rg5 Rf6 44. Rg7 Rg6+ 45. Rxg6+ hxg6
46. Kf2 Bc6 47. Bxc6 Kxc6 48. b3 b5 49. Ke2 bxa4 50. bxa4 Kd5 0-1

[Event "7. Open Galapagar 2006"]
[Site "Galapagar ESP"]
[Date "2006.07.24"]
[Round "3.15"]
[White "Semprun Martinez, Fernando"]
[Black "Tevar Sanz, Gonzalo"]
[Result "1-0"]
[WhiteElo "2166"]
[BlackElo "1861"]
[PlyCount "73"]
[EventDate "2006.07.22"]
[EventType "swiss"]
[EventRounds "9"]
[EventCountry "ESP"]
[Source "lmi"]
[SourceDate "2006.07.30"]

1. e4 e6 2. d4 d5 3. Nc3 Bb4 4. e5 c5 5. Qg4 Ne7 6. Nf3 cxd4 7. Nxd4 Qc7 8.
Bb5+ Bd7 9. Bxd7+ Nxd7 10. O-O Nxe5 11. Nxe6 Qd6 12. Qxg7 Rg8 13. Nxd5 Nf3+ 14.
gxf3 Rxg7+ 15. Nxg7+ Kf8 16. Nxe7 Qxe7 17. Nh5 Qc5 18. Bh6+ Ke7 19. Ng3 Qxc2
20. a3 Qg6 21. axb4 Rg8 22. Rfe1+ Kd7 23. Rad1+ Kc6 24. Bf4 Kb5 25. Rd5+ Ka4
26. Rg5 Qxg5 27. Bxg5 Rxg5 28. Re7 h5 29. Rxf7 h4 30. Rxb7 hxg3 31. fxg3 a5 32.
bxa5 Kxa5 33. Kg2 Ka6 34. Rb8 Ka7 35. Rb4 Ka6 36. h4 Rb5 37. Rxb5 1-0

[Event "7. Open Galapagar 2006"]
[Site "Galapagar ESP"]
[Date "2006.07.24"]
[Round "3.17"]
[White "Menor Villamor, Jose Carlos"]
[Black "Garcia Saez, Juan Carlos"]
[Result "0-1"]
[WhiteElo "2024"]
[BlackElo "2090"]
[PlyCount "79"]
[EventDate "2006.07.22"]
[EventType "swiss"]
[EventRounds "9"]
[EventCountry "ESP"]
[Source "lmi"]
[SourceDate "2006.07.30"]

1. e4 e5 2. d4 exd4 3. Nf3 Nc6 4. c3 d3 5. Bxd3 d6 6. Bc4 Be6 7. Bxe6 fxe6 8.
Qb3 Qc8 9. Ng5 Nd8 10. f4 h6 11. Nf3 Be7 12. O-O a5 13. Qb5+ Qd7 14. Qh5+ Nf7
15. Qg6 Bf8 16. Nd4 O-O-O 17. Nxe6 Re8 18. f5 Ne5 19. Qg3 Nf6 20. Qe3 Kb8 21.
Nd2 Nfg4 22. Qg3 h5 23. h3 h4 24. Qe1 Nd3 25. Qe2 Nge5 26. Nf3 Be7 27. Nxe5
Nxe5 28. Bf4 Bf6 29. Bxe5 Bxe5 30. Nf4 Rh6 31. Ng6 Bf6 32. Rf4 Qc6 33. Re1 a4
34. Qf2 a3 35. Kh1 axb2 36. e5 Bxe5 37. Nxe5 Rxe5 38. Rb1 Qxc3 39. Qxb2 Re1+
40. Kh2 0-1

[Event "7. Open Galapagar 2006"]
[Site "Galapagar ESP"]
[Date "2006.07.24"]
[Round "3.18"]
[White "Tejedo Meneses, Alvaro"]
[Black "Cabañas Bravo, Juan Andres"]
[Result "1/2-1/2"]
[WhiteElo "2020"]
[BlackElo "2064"]
[PlyCount "90"]
[EventDate "2006.07.22"]
[EventType "swiss"]
[EventRounds "9"]
[EventCountry "ESP"]
[Source "lmi"]
[SourceDate "2006.07.30"]

1. e4 e5 2. Nf3 Nc6 3. Bb5 a6 4. Ba4 Nf6 5. O-O Nxe4 6. d4 b5 7. Bb3 d5 8. dxe5
Be6 9. c3 Nc5 10. Bc2 Bg4 11. Bf4 Be7 12. h3 Bh5 13. Re1 a5 14. Na3 Rb8 15. Bf5
Ne6 16. Bh2 Bxa3 17. bxa3 a4 18. Qd3 Bxf3 19. Qxf3 Na5 20. Rad1 c6 21. Qg4 Qe7
22. Rd3 g6 23. Bxe6 fxe6 24. Rf3 Rf8 25. Rf6 Kd7 26. Re3 Rbe8 27. Ref3 Qxa3 28.
Bf4 Nc4 29. Qh4 Rh8 30. Rf7+ Re7 31. Bg5 Rxf7 32. Rxf7+ Kc8 33. Bf6 Rf8 34. Ra7
h5 35. Qg5 Kb8 36. Rg7 Qxc3 37. Rxg6 Qe1+ 38. Kh2 Qxf2 39. Qxh5 Kb7 40. Rg7+
Kb6 41. Qh7 Qf4+ 42. Kg1 Qc1+ 43. Kh2 Qf4+ 44. Kg1 Qe3+ 45. Kh1 Qc1+ 1/2-1/2

[Event "7. Open Galapagar 2006"]
[Site "Galapagar ESP"]
[Date "2006.07.24"]
[Round "3.19"]
[White "Cabañas Jimenez, Manuel"]
[Black "Davicce Canada, Juan A"]
[Result "1/2-1/2"]
[WhiteElo "1993"]
[BlackElo "2056"]
[PlyCount "39"]
[EventDate "2006.07.22"]
[EventType "swiss"]
[EventRounds "9"]
[EventCountry "ESP"]
[Source "lmi"]
[SourceDate "2006.07.30"]

1. e4 c6 2. Nc3 d5 3. Qf3 dxe4 4. Nxe4 Nd7 5. d4 Ngf6 6. Bc4 e6 7. Ne2 Nxe4 8.
Qxe4 Nf6 9. Qf3 Qc7 10. Bf4 Bd6 11. O-O O-O 12. Rad1 Nd5 13. Bxd6 Qxd6 14. Ng3
Nf6 15. Nh5 Nxh5 16. Qxh5 g6 17. Qe5 Rd8 18. c3 b6 19. Rfe1 Bb7 20. Bb3 1/2-1/2

[Event "7. Open Galapagar 2006"]
[Site "Galapagar ESP"]
[Date "2006.07.24"]
[Round "3.21"]
[White "Cuadrado Lopez, Francisco Javier"]
[Black "Hernandez Navas, Francisco Javier"]
[Result "1/2-1/2"]
[WhiteElo "1950"]
[BlackElo "2040"]
[PlyCount "103"]
[EventDate "2006.07.22"]
[EventType "swiss"]
[EventRounds "9"]
[EventCountry "ESP"]
[Source "lmi"]
[SourceDate "2006.07.30"]

1. e4 e6 2. d4 d5 3. e5 c5 4. c3 Nc6 5. Nf3 cxd4 6. cxd4 Bb4+ 7. Bd2 Qb6 8. a3
Bxd2+ 9. Qxd2 Nge7 10. Bd3 Bd7 11. Nc3 Nxd4 12. Nxd4 Qxd4 13. f4 a6 14. O-O-O
Rc8 15. Kb1 Nc6 16. Rhf1 Na5 17. Ne2 Qb6 18. Rc1 O-O 19. Rxc8 Rxc8 20. Rc1
Rxc1+ 21. Nxc1 Nb3 22. Nxb3 Qxb3 23. Bc2 Qb6 24. h3 g6 25. g4 Kg7 26. f5 exf5
27. gxf5 Bxf5 28. Bxf5 gxf5 29. Qg5+ Qg6 30. Qf4 Qg1+ 31. Ka2 Kg6 32. Qb4 Kh5
33. Qxb7 Qg6 34. Qb4 Qe6 35. Qd4 Kg5 36. h4+ Kh5 37. b4 Qg6 38. a4 Qg2+ 39. Kb3
Qg3+ 40. Kc2 f4 41. Qxd5 Kxh4 42. Qxf7 Qf2+ 43. Kb3 Qe3+ 44. Kc2 Qxe5 45. Qxh7+
Kg3 46. Qg6+ Kf2 47. Qxa6 f3 48. b5 Ke3 49. Qh6+ Ke2 50. Qd2+ Kf1 51. b6 Qc5+
52. Qc3 1/2-1/2

[Event "7. Open Galapagar 2006"]
[Site "Galapagar ESP"]
[Date "2006.07.24"]
[Round "3.22"]
[White "Beltran de Heredia Eguiazabal, Miguel A"]
[Black "Paredes Mancha, Antonio"]
[Result "0-1"]
[WhiteElo "1785"]
[BlackElo "2038"]
[PlyCount "102"]
[EventDate "2006.07.22"]
[EventType "swiss"]
[EventRounds "9"]
[EventCountry "ESP"]
[Source "lmi"]
[SourceDate "2006.07.30"]

1. e4 c5 2. Nf3 e6 3. d4 cxd4 4. Nxd4 Nc6 5. Be3 Nf6 6. Bd3 Qc7 7. c3 Be7 8.
Nd2 a6 9. O-O b5 10. a3 Bb7 11. Qc2 Rc8 12. f4 d6 13. Rac1 Ng4 14. Bf2 Nxf2 15.
Rxf2 Nxd4 16. cxd4 Qb6 17. Qd1 Qxd4 18. Rxc8+ Bxc8 19. Qc2 O-O 20. Nb3 Qb6 21.
Kf1 Bb7 22. Rf3 Rc8 23. Qb1 g6 24. Rh3 d5 25. e5 b4 26. a4 Qc6 27. a5 d4 28.
Rg3 Qd5 29. Nd2 Qxa5 30. Nc4 Qc5 31. b3 Bd5 32. Qa1 a5 33. Qa4 Bf8 34. Rh3 Qc6
35. Qxc6 Rxc6 36. Nxa5 Rc3 37. Bc4 Rc1+ 38. Ke2 Bxg2 39. Rg3 Be4 40. Bd3 Bxd3+
41. Rxd3 Bc5 42. Nb7 Bb6 43. Nd6 Rh1 44. Rh3 Rc1 45. Ne8 Kf8 46. Nf6 Ke7 47.
Nxh7 Rc2+ 48. Kd1 Rf2 49. Rh4 d3 50. Ng5 Be3 51. Ke1 d2+ 0-1

[Event "7. Open Galapagar 2006"]
[Site "Galapagar ESP"]
[Date "2006.07.24"]
[Round "3.23"]
[White "Avendaño Mateos, Ivan Jose"]
[Black "Garcia Cuenca, Victor Manuel"]
[Result "0-1"]
[WhiteElo "1898"]
[BlackElo "2277"]
[PlyCount "70"]
[EventDate "2006.07.22"]
[EventType "swiss"]
[EventRounds "9"]
[EventCountry "ESP"]
[Source "lmi"]
[SourceDate "2006.07.30"]

1. c4 g6 2. g3 Bg7 3. Bg2 c5 4. e4 Nc6 5. Ne2 e6 6. Nbc3 d6 7. d3 Nge7 8. O-O
O-O 9. Be3 Nd4 10. f4 Rb8 11. Rb1 b6 12. b4 Bb7 13. Qd2 Qd7 14. Nd1 Nxe2+ 15.
Qxe2 Nc6 16. b5 Nd4 17. Qd2 a6 18. Nc3 axb5 19. Nxb5 Nxb5 20. cxb5 d5 21. e5 d4
22. Bf2 Bxg2 23. Kxg2 Ra8 24. Rb2 Ra5 25. Rfb1 Rfa8 26. Kf1 Qd5 27. Ra1 Qh1+
28. Bg1 Qf3+ 29. Bf2 Ra3 30. Rd1 Rxa2 31. Rxa2 Rxa2 32. Qxa2 Qxd1+ 33. Kg2 Qxd3
34. Qa8+ Bf8 35. Qc6 Qc2 0-1

[Event "7. Open Galapagar 2006"]
[Site "Galapagar ESP"]
[Date "2006.07.24"]
[Round "3.24"]
[White "Alvarez Jimenez, Alfonso"]
[Black "Pastor Alonso de Prado, Alberto"]
[Result "0-1"]
[WhiteElo "1872"]
[BlackElo "2230"]
[PlyCount "62"]
[EventDate "2006.07.22"]
[EventType "swiss"]
[EventRounds "9"]
[EventCountry "ESP"]
[Source "lmi"]
[SourceDate "2006.07.30"]

1. e4 e5 2. Nf3 Nc6 3. Bb5 Bc5 4. c3 f5 5. Bxc6 bxc6 6. Nxe5 Qf6 7. d4 Bb6 8.
exf5 Qxf5 9. O-O Nf6 10. Re1 O-O 11. Qb3+ Nd5 12. Nf3 a5 13. a4 Kh8 14. Qd1 d6
15. Na3 Qh5 16. Ng5 Qg6 17. h4 Bd7 18. h5 Qf5 19. Qc2 h6 20. Qxf5 Rxf5 21. Ne4
Re8 22. Kf1 Rxh5 23. Ng3 Rxe1+ 24. Kxe1 Rh4 25. Bd2 c5 26. dxc5 Bxc5 27. c4 Nb4
28. b3 Nd3+ 29. Ke2 Nxf2 30. Nb5 Bg4+ 31. Kf1 Ne4 0-1

[Event "7. Open Galapagar 2006"]
[Site "Galapagar ESP"]
[Date "2006.07.24"]
[Round "3.25"]
[White "De Armentia Roldan, Benigno"]
[Black "Prada Lopez, Miguel Angel"]
[Result "0-1"]
[WhiteElo "1834"]
[BlackElo "2211"]
[PlyCount "116"]
[EventDate "2006.07.22"]
[EventType "swiss"]
[EventRounds "9"]
[EventCountry "ESP"]
[Source "lmi"]
[SourceDate "2006.07.30"]

1. e4 c5 2. Nf3 d6 3. Nc3 Nf6 4. d4 cxd4 5. Nxd4 g6 6. Be3 Bg7 7. f3 Nc6 8. Qd2
Bd7 9. Bc4 O-O 10. Bb3 Ne5 11. h4 Qa5 12. O-O-O Rfc8 13. g4 b5 14. h5 b4 15.
Nd5 Nxd5 16. Bxd5 Nc4 17. Bxc4 Rxc4 18. Kb1 Rac8 19. hxg6 fxg6 20. Rc1 Qe5 21.
Rhd1 a5 22. Qd3 g5 23. Qe2 Bb5 24. Qf2 Rf8 25. Rd2 Bd7 26. Qe2 Be6 27. Rh1 h6
28. Rhd1 d5 29. Bg1 dxe4 30. Bh2 Qf6 31. fxe4 Rcc8 32. e5 Qf7 33. Nxe6 Qxe6 34.
Rd5 a4 35. R5d3 Qb6 36. Rf1 Qb5 37. Rxf8+ Rxf8 38. Qe1 Bxe5 39. Bxe5 Qxe5 40.
Re3 Qxe3 41. Qxe3 Rf1+ 42. Qc1 Rxc1+ 43. Kxc1 Kf7 44. Kd2 Ke6 45. Ke2 Ke5 46.
Ke3 Kd5 47. Kd3 e5 48. a3 bxa3 49. bxa3 Kc5 50. Ke4 Kd6 51. c3 Kc5 52. Kxe5 Kc4
53. Ke4 Kxc3 54. Ke3 Kb3 55. Kd3 Kxa3 56. Kc3 Ka2 57. Kc2 a3 58. Kc1 Kb3 0-1